| 000 | 00437nam a2200157Ia 4500 | ||
|---|---|---|---|
| 005 | 20250404090418.0 | ||
| 008 | 231217s9999 xx 000 0 und d | ||
| 020 | _a9788178817811 | ||
| 082 | _a657.3 SUM;1 R | ||
| 100 | _aSumati, Reddy ed. | ||
| 245 | 0 | _aSustainability reporting : concepts and experiences | |
| 260 |
_c2005 _bIcfai _aHyderabad |
||
| 300 | _ax, 234 | ||
| 650 | _aSustainability,reporting,experiences | ||
| 942 | _cAA | ||
| 999 |
_c191394 _d191394 |
||